000 01629nim a2200373 i 4500
001 197257
003 ES-MaACL
005 20250828062610.0
007 ss lsnjlcipnne
008 250424s1990 sp nnnn |||| 00| spa d
040 _bspa
_cES-MaACL
100 _9178383
_aRodríguez Mendez, José María
_eaut
245 0 0 _aMadrid, capital del teatro (pasado y presente)
_h[Grabación sonora] :
_bconferencia /
_cpor José María Rodríguez Méndez ; presenta Lauro Olmo.
260 _aMadrid :
_bAteneo de Madrid,
_c1990.
300 _a2 casetes (ca. 180 min) :
_bson. ;
_c11 cm.
490 1 _3Actos culturales en el Ateneo de Madrid
518 _aGrabado el 17 de diciembre de 1990 en el Salón de Actos del Ateneo de Madrid.
520 _aConferencia sobre Madrid como capital del teatro en el pasado y presente por José María Rodríguez Méndez, autor teatral. Presenta Lauro Olmo, director de la Catedra Valle-Inclán.
540 _aDocumento inédito
594 _5Datos basados en la invitación.
610 2 0 _aAteneo de Madrid-
_xActos culturales-
_y1990-
_vGrabaciones sonoras
_9240083
651 4 _98939
_aMadrid
653 _aArchivo de la palabra
655 0 _aConferencias
_9234444
700 1 _aOlmo, Lauro,
_epres
_986974
_d1922-1994
710 2 _aAteneo de Madrid.
_bCátedra Valle-Inclán
_ehis
_9137505
830 0 _aActos culturales en el Ateneo de Madrid
_9240237
852 _aES-MaACL
_cDEPOZ
_pCinta 1
_9205489
852 _aES-MaACL
_cDEPOZ
_pCinta 2
_9205490
852 _aES-MaACL
_cDEPOZ
942 _2udc
_n0
_cCINTASAUD
999 _c197257
_d197257